01299nac a22003497a 4500001001000000003000900010005001700019008003400036040005400070072001300124090001900137100001700156100001500173100002500188100001600213100002000229100002400249110007400273245012000347260003800467300000900505490009700514650001700611650002200628650002300650650002000673650002700693909004700720942001700767999001900784952014600803BR0304304BR-BrBNA20240105122853.0230509b bl.|||m| |||| 00| 0 por d aBR-BrBNAbporcBiblioteca Nacional de Agricultura aH10; F30 a4020 BR03043041 aLima, L.H.C.1 aCampos, L.1 aMoretzsohn, M. de C.1 aNávia, D.1 aSilva, O.L.R. e1 aOliveira, M.R.V. de1 aEMBRAPA Recursos Genéticos e Biotecnologia, Brasília, DF (Brasil)1 aII. Populações do complexo Bemisia tabaci (Gennadius)através de RAPD-PCR: análise da diversidade genética3 aBrasília, DF (Brasil): c1990.  a5 p. aPesquisa em Andamento - EMBRAPA Recursos Genéticos e Biotecnologiavno. 22xISSN 0103-2899 aMOSCA BRANCA aPLANTA HOSPEDEIRA aMARCADOR MOLECULAR aPRAGA DE PLANTA aMÉTODO ESTATÍSTICO a202312bLúcia Elandec55dLúcia Elande 2AGRISn0cMS c293125d293125 002AGRIS40708Acervo Gerala41918b41918cAGROBASEl0o4020 BR0304304p4020 BR0304304r2023-12-18yMSePortaria Interministerial nº 164/94